Kondalo pa bibí mejó (Registro nro. 8428)

Detalles MARC
000 -CABECERA
Longitud fija campo de control 02129nam a2200409 i 4500
003 - • IDENTIFICADOR DELl NÚMERO DE CONTROL
Identificador del número de control CO-BoRNBP
005 - • FECHA Y HORA DE LA ÚLTIMA TRANSACCIÓN
Fecha y hora de la última transacción 20220317001904.0
007 - • CAMPO FIJO DE DESCRIPCIÓN FÍSICA
Campo fijo de descripción física ta
008 - • CÓDIGOS DE INFORMACIÓN DE LONGITUD FIJA
Códigos de información de longitud fija 210811s2015 ck o er 000 0dspa d
020 ## - • NÚMERO INTERNACIONAL NORMALIZADO PARA LIBROS
Número Internacional Normalizado para Libros (ISBN) 9789587168495
040 ## - FUENTE DE LA CATALOGACIÓN
Centro catalogador de origen CO-BoRNBP
Lengua de catalogación spa
Normas de descripción rda
Centro transcriptor CO-BoRNBP
041 0# - • CÓDIGO DE LENGUA
Código de lengua del texto/banda sonora o título independiente spa
-- crp
043 ## - CÓDIGO DE ÁREA GEOGRÁFICA
Código de área geográfica s-ck---
082 04 - • NÚMERO DE LA CLASIFICACIÓN DECIMAL DEWEY
Número de clasificación (R) 467.9861
Número del ítem M13k
Número de edición 22
100 1# - • PUNTO DE ACCESO PRINCIPAL-NOMBRE DE PERSONA
Nombre de persona Maglia de Ferrari, Graciela Esther
Término indicativo de función autora
245 10 - • TITULO PROPIAMENTE DICHO
Título Kondalo pa bibí mejó
Resto del título oratura y oralitura de San Basilio de Palenque (Colombia)
Mención de responsabilidad, etc. Graciela Maglia, Yves Moñino
246 31 - • VARIANTES DE TÍTULO
Título propio / Título en breve Contarlo para vivir mejor
250 ## - • MENCIÓN DE EDICIÓN
Mención de edición Primera edición
264 #1 - PRODUCCIÓN, PUBLICACIÓN , DISTRIBUCIÓN, FABRICACIÓN Y COPYRIGHT
Lugar de producción, publicación, distribución, fabricación Bogotá, Colombia
Nombre del productor, editor, distribuidor, fabricante Editorial Pontificia Universidad Javeriana
-- Instituto Caro y Cuervo
-- Editorial Universidad del Rosario
Fecha de de producción, publicación, distribución, fabricación o copyright 2015
300 ## - • DESCRIPCIÓN FÍSICA
Extensión 456 páginas
Otras características físicas fotografías a color
Dimensiones 24 cm
Material Anexo 1 CD
336 ## - TIPO DE CONTENIDO
Término de tipo de contenido texto
Código de tipo de contenido txt
Fuente rdacontent
337 ## - TIPO DE MEDIO
Nombre del tipo de medio sin mediación
Código del tipo de medio n
Fuente rdamedia
338 ## - TIPO DE SOPORTE
Nombre del tipo de soporte volumen
Código del tipo de soporte nc
Fuente rdacarrier
500 ## - • NOTA GENERAL
Nota general El CD acompañante contiene muestras de grabaciones de los registros orales (cuentos, refranes, decimas, cantos, etc.)
500 ## - • NOTA GENERAL
Nota general El material correspondiente a la dotación PNLB 2021 no incluyó los CD's acompañantes de entregas anteriores
504 ## - • NOTA DE BIBLIOGRAFÍA, ETC
Nota de bibliografía, etc. Bibliografía: páginas 447-456
505 2# - • NOTA DE CONTENIDO CON FORMATO
Título (R ) Tras la huella del cimarrón: oralitura palenquera
-- Dos lenguas para hablar del mundo y contarlo
-- Selección de producciones orales palenqueras
-- Análisis sociosemiótico del corpus
521 ## - • NOTA DE PÚBLICO DESTINATARIO
Nota público destinatario (R ) Recomendado para público adulto
545 ## - DATOS BIOGRÁFICOS O HISTÓRICOS
Datos bigr´ficos o históricos Incluye datos biográficos de los autores en la solapa
546 ## - • NOTA DEL IDIOMA
Nota de lengua Texto en palenquero y español
650 17 - • PUNTO DE ACCESO ADICIONAL DE MATERIA - TÉRMINO DE MATERIA
Término de materia o nombre geográfico como elemento inicial Lenguaje nativo
Subdivisión de materia general Historia
Subdivisión geográfica Palenque de San Basilio (Bolívar, Colombia)
Fuente del encabezamiento o término LEMB
Subdivisión de forma
650 17 - • PUNTO DE ACCESO ADICIONAL DE MATERIA - TÉRMINO DE MATERIA
Término de materia o nombre geográfico como elemento inicial Sociolingüística
Subdivisión de materia general Aspectos sociales
Subdivisión geográfica Palenque de San Basilio (Bolívar, Colombia)
Fuente del encabezamiento o término LEMB
650 17 - • PUNTO DE ACCESO ADICIONAL DE MATERIA - TÉRMINO DE MATERIA
Término de materia o nombre geográfico como elemento inicial Lenguaje y cultura
Subdivisión geográfica Palenque de San Basilio (Bolívar, Colombia)
Fuente del encabezamiento o término LEMB
650 17 - • PUNTO DE ACCESO ADICIONAL DE MATERIA - TÉRMINO DE MATERIA
Término de materia o nombre geográfico como elemento inicial Folclor
Subdivisión geográfica Palenque de San Basilio (Bolívar, Colombia)
Fuente del encabezamiento o término LEMB
700 1# - • PUNTO DE ACCESO ADICIONAL - NOMBRE DE PERSONA
Nombre de persona Moñino, Yves
Fechas asociadas al nombre 1946-
Término indicativo de función autor
942 ## - ENTRADA DE ELEMENTOS AGREGADOS (KOHA)
Fuente de clasificaión o esquema Dewey Decimal Classification
Koha [por defecto] tipo de item LIbro
Existencias
Perdido Fuente de clasificación o esquema Estado Físico No para préstamo Forma de adquisición Localización permanente Localización actual Localización en estanterías Fecha adquisición Préstamos totales Signatura completa Código de barras Fecha última consulta Número de copia Fecha del precio de reemplazo Tipo de item de Koha
  Dewey Decimal Classification     Colección General Biblioteca Pública Medellin del Ariari - El Castillo Biblioteca Pública Medellin del Ariari - El Castillo General 11/10/2024   467.9861 - M13k BM0001347 11/10/2024 Ej.1 11/10/2024 LIbro









Instituto Departamental de Cultura del Meta - Red Departamental de Bibliotecas Públicas del Meta.